000 00583nam a22002177a 4500
003 OSt
005 20170130180033.0
008 170130b xxu||||| |||| 00| 0 eng d
020 _a9780443074943
020 _a0443074941
040 _cDMLN
082 _aWS100 M317l 2006
100 _aPolnay, Leon; Hampshire,Mandy
_911462
245 _aManual of Paediatrics: an intergrated approach
260 _aEdinburgh; Churchill, 2007
300 _axxv,495p;col.ill: 22cm
504 _aIndex included
650 _aPaediatrics
_93350
650 _aChild care
_98841
942 _2z
_cSLOAN
999 _c5492
_d5492